| 000 | 01043nam a22002537a 4500 | ||
|---|---|---|---|
| 005 | 20180223124340.0 | ||
| 010 | _a1617EN ENG-117063 B-663965 | ||
| 020 |
_a9788174791672 _c995.00 |
||
| 035 | _aB-648158-169 | ||
| 035 | _aEN-100595 | ||
| 035 | _aB-663965 | ||
| 037 |
_adpl _bPansy |
||
| 037 | _bDBAD/PUB | ||
| 082 | _a307.12095456 | ||
| 100 | _aJain, A.K. | ||
| 245 |
_aColonial Delhi : _cby A.K. Jain _bimperial and indigenous / |
||
| 260 |
_aNew Delhi _bKaveri Books _c2015 |
||
| 270 |
_a4832/4, Ansari Road, Darya Ganj, _bNew Delhi _e110002 |
||
| 300 |
_a248p. : _c25cm(Hb) _bill. |
||
| 500 | _aIncludes bibliographical references and index | ||
| 942 |
_2ddc _cEN _mJAI _h307.12095456 |
||
| 999 |
_c102353 _d102353 |
||